000 00531nam a22001937a 4500
999 _c2751
_d2751
003 URS
005 20220114142248.0
008 19 s1998 a|||| |||| 00| 0 eng d
020 _a0697391957
040 _cURS
_beng
_drda
050 1 0 _aBF 121
_b.P9746 1998
100 _aDufft, Karen G.
245 1 0 _aPsychology 98/ 99/
_cKaren G. Duffy
250 _aTwenthy Edition
264 _aGuilford:Dushkin:
_bMcGraw- Hill;
_c[1998]
300 _ax, 245 pages
_bwith illustrations
_c27 cm.
504 _aIncludes index
942 _2lcc
_cFR